[Event "BLR-ch sf"]
[Site "Minsk"]
[Date "2023.12.07"]
[Round "1"]
[White "Brytsikau, Makar"]
[Black "Yastrebov, Yaroslav"]
[Result "0-1"]
[WhiteElo "1652"]
[BlackElo "1282"]
[PlyCount "80"]
[EventDate "2023.12.07"]
[EventType "swiss"]
[EventRounds "9"]
[EventCountry "BLR"]
[SourceTitle "CB51_2023"]
[SourceDate "2023.12.20"]
[SourceVersion "1"]
[SourceVersionDate "2023.12.20"]
[SourceQuality "1"]

1. e4 c5 2. Nc3 e5 3. Nf3 d6 4. Bc4 Nc6 5. d3 Na5 6. Bd5 Ne7 7. Bg5 f6 8. Be3 Nxd5 9. exd5 Be7 10. h3 f5 11. Nh2 0-0 12. Qe2 Bd7 13. a3 b5 14. 0-0 f4 15. Bd2 Nb7 16. Ne4 Qe8 17. b4 c4 18. a4 Qg6 19. Kh1 cxd3 20. Qxd3 bxa4 21. f3 a5 22. b5 Bf5 23. Qe2 Bxe4 24. fxe4 Nc5 25. Be1 Rfb8 26. c4 Nxe4 27. Rxa4 Bd8 28. Qa2 Bb6 29. Rf3 Nc5 30. Raa3 Nb7 31. Bf2 Bxf2 32. Rxf2 Rf8 33. Qd2 Qb1+ 34. Rf1 Qe4 35. Qc3 Rac8 36. Rc1 Qg6 37. Nf3 Kh8 38. Nd2 e4 39. Qd4 Rce8 40. Ra2 Nc5 0-1

[Event "Minsk op"]
[Site "Minsk"]
[Date "2023.11.07"]
[Round "5"]
[White "Tunik, Gennady"]
[Black "Brytsikau, Makar"]
[Result "1-0"]
[WhiteElo "2272"]
[BlackElo "1693"]
[PlyCount "83"]
[EventDate "2023.11.03"]
[EventType "swiss"]
[EventRounds "9"]
[EventCountry "BLR"]
[SourceTitle "CB46_2023"]
[SourceDate "2023.11.15"]
[SourceVersion "1"]
[SourceVersionDate "2023.11.15"]
[SourceQuality "1"]

1. d4 d5 2. c4 c6 3. Nf3 Nf6 4. Nbd2 g6 5. g3 Bg7 6. Bg2 Bf5 7. 0-0 Nbd7 8. Qb3 Qc7 9. Re1 0-0 10. cxd5 cxd5 11. Nf1 Rfc8 12. Bf4 Qb6 13. Qxb6 Nxb6 14. Ne5 h6 15. Ne3 Be6 16. g4 g5 17. Bg3 Ne4 18. Rec1 Nxg3 19. hxg3 Rab8 20. f4 Bxe5 21. fxe5 f6 22. Nf5 Bxf5 23. gxf5 Kf8 24. e6 g4 25. Kf2 Kg7 26. b3 Rc6 27. Rxc6 bxc6 28. Rc1 Rc8 29. Ke3 h5 30. a4 Rc7 31. Kf4 Kh6 32. e4 dxe4 33. Bxe4 Nc8 34. b4 Nd6 35. b5 Nxe4 36. Kxe4 Kg5 37. Rxc6 Rb7 38. Rc8 a6 39. Rg8+ Kh6 40. Kd5 Kh7 41. Rc8 h4 42. Kc6 1-0

[Event "Minsk op"]
[Site "Minsk"]
[Date "2023.11.05"]
[Round "3"]
[White "Kasperovich, Aleksandra"]
[Black "Brytsikau, Makar"]
[Result "0-1"]
[WhiteElo "1154"]
[BlackElo "1693"]
[PlyCount "68"]
[EventDate "2023.11.03"]
[EventType "swiss"]
[EventRounds "9"]
[EventCountry "BLR"]
[SourceTitle "CB46_2023"]
[SourceDate "2023.11.15"]
[SourceVersion "1"]
[SourceVersionDate "2023.11.15"]
[SourceQuality "1"]

1. e4 e5 2. Nf3 Nc6 3. d4 Qe7 4. d5 Nb8 5. c4 d6 6. Nc3 Nf6 7. Be2 g6 8. h3 Bg7 9. Be3 a5 10. Rc1 0-0 11. 0-0 c5 12. Bd3 Nh5 13. Qd2 f5 14. Bg5 Nf6 15. Rfe1 f4 16. Bf1 h6 17. Bxf6 Bxf6 18. g3 g5 19. gxf4 exf4 20. Bg2 Nd7 21. Nb5 Ne5 22. Nxe5 Bxe5 23. f3 b6 24. a3 Ba6 25. Kh1 g4 26. Rf1 g3 27. Rce1 Bc8 28. Kg1 Rf7 29. a4 Qh4 30. b3 Bxh3 31. Bxh3 Qxh3 32. Qg2 Qd7 33. Qd2 h5 34. Qc2 h4 0-1